• 首页
  • 本馆介绍
  • 公告通知
  • 最新文献
  • 馆藏检索
  • 电子资源
  • 读者导购
  • 参考咨询
  • 我的图书馆
  • 登录
  • 详细信息显示
  • 放入我的书架
  • 预约/预借图书
  • 作者相关作品
  • 分类相关作品
  • 丛书相关作品
  • 出版社相关作品

书目信息

  • 表格格式
  • 工作单格式
  • 卡片格式
题名:
中华人民共和国行政区划图册
    
 
作者: ;地图出版社 编辑
分册:  
出版信息: 北京   地图出版社  1986
页数: 124页
开本: 19cm
丛书名:
单 册:
中图分类: K992.2 , K928
科图分类:
主题词: 行政区地图--中国--图册 , 地理--中国
电子资源:
ISBN:
000 00697nam0 2200241 450
001 1559904415
005 20150126163850.48
010    @dCNY0.85
091    @a12014.1455
100    @a19951114d1986 em y0chiy0110 ea
101 0  @achi
102    @aCN@b110000
105    @ay z 000yy
200 1  @a中华人民共和国行政区划图册@9zhong hua ren min gong he guo xing zheng qu hua tu ce@e截至1985年底的资料@f地图出版社编辑
210    @a北京@c地图出版社@d1986
215    @a124页@d19cm
606 0  @a行政区地图@y中国@x图册
606 0  @a地理@x中国
690    @aK992.2@v5
690    @aK928@v4
711 02 @a地图出版社@9de tu chu ban she@4编辑
801  0 @aCN@bTSSF@c20150126
905    @aZUCC@dK928@eJY11
    
    中华人民共和国行政区划图册:截至1985年底的资料/地图出版社编辑.-北京:地图出版社,1986
    124页;19cm
    
    
    ISBN :CNY0.85
    
●
相关链接 在E读中查询图书 在五车中查询图书 在当当中查询图书 在豆瓣中查询图书


正题名:中华人民共和国行政区划图册     索取号:K928/JY11         预约/预借

序号 登录号 条形码 馆藏地/架位号 状态 备注
1 7838346   278383465   学院路分馆/ [索取号:K928/JY11] 在馆    
唐山师范学院图书馆 欢迎您!
大连网信软件有限公司© 版权所有